000 04653nam a22005295i 4500
999 _c200457869
_d76081
003 DE-He213
005 20231109085839.0
007 cr nn 008mamaa
008 211203s2022 sz | s |||| 0|eng d
020 _a9783030829889
024 7 _a10.1007/978-3-030-82988-9
_2doi
040 _aTR-AnTOB
_beng
_cTR-AnTOB
_erda
060 _aWI 700
072 7 _aMJ
_2bicssc
072 7 _aMJ
_2bicssc
072 7 _aMED031000
_2bisacsh
072 7 _aMJ
_2thema
072 7 _aMJ
_2thema
096 _aWI700EBK
245 1 0 _aVascular Disorders of the Liver
_h[electronic resource] :
_bVALDIG's Guide to Management and Causes /
_cedited by Dominique Valla, Juan Carlos Garcia-Pagan, Andrea De Gottardi, Pierre-Emmanuel Rautou.
250 _a1st ed. 2022.
264 1 _aCham :
_bSpringer International Publishing :
_bImprint: Springer,
_c2022.
300 _a1 online resource
336 _atext
_btxt
_2rdacontent
337 _acomputer
_bc
_2rdamedia
338 _aonline resource
_bcr
_2rdacarrier
347 _atext file
_bPDF
_2rda
505 0 _aSection 1-Vascular Disorders of the Liver and Their Management -- Role of liver biopsy in the study of vascular disorders of the Liver -- Role of imaging in the study of vascular disorders of the Liver -- Hepatic artery occlusion and ischemic cholangiopathy -- Other disorders of hepatic arteries (aneurysms, arterioportal fistulas) -- Hepatic vascular malformations in hereditary hemorrhagic telangiectasia -- Congenital portosystemic shunts – Abernethy malformation -- Budd-Chiari syndrome - Hepatic venous outflow tract obstruction -- Extrahepatic portal vein obstruction – Portal vein thrombosis and portal cavernoma in the absence of cirrhosis -- Portal vein thrombosis in patients with cirrhosis -- Portal-sinusoidal disease -- Sinusoidal obstruction syndrome/Hepatic veno-occlusive disease -- Sinusoidal dilatation/Peliosis -- Hypoxic hepatitis -- Congestive cardiac hepatopathy -- Regenerative nodules and liver tumors in vascular liver diseases -- Pregnancies and contraception in patients with vascular liver diseases -- Antithrombotic therapy and liver disease (including thrombolysis, DOACS) -- Section 2- Causes for Vascular Disorders of the Liver -- Coagulation disorders and the liver (including DIC and related conditions such as HELLP/preeclampsia) -- Hematologic and non-hematologic neoplasm disorders affecting liver vessels (microscopic or gross invasion, including alveolar echinococcosis) -- Non-malignant blood disorders affecting liver vessels (sickle cell disease, hemophagocytic syndrome, primary immune deficiency syndromes, HIV infection, etc.) -- Systemic diseases affecting liver vessels (periarteritis nodosa, Behcet’s disease, systemic lupus, systemic sclerosis, rheumatoid arthritis, sarcoidosis, diabetes) -- Drugs and toxins affecting liver vessels -- The Fontan circulation and the liver.
520 _aThis book provides a comprehensive account on individually rare, but collectively frequent diseases of the liver. In the first part, conditions such as hepatic vascular malformations, ischemic cholangiopathy, hepatic artery occlusion, sinusoidal conditions and Budd-Chiari syndrome are discussed among others. The second part examines the causes of vascular liver disease namely, coagulation disorders, neoplasm disorders, non-malignant blood disorders, systemic diseases and toxins, among others. The unique expertise of the authors, who are all members of the Vascular Liver Disease Disorders Group, an independent network of researchers with a common interest in Vascular Liver Diseases, are merged for an optimal pragmatic and individualized approach. This book is of interest to a broad range of experts, such as hepatologists, internists, radiologists and angiologists.
650 0 _aInternal medicine.
650 1 4 _aInternal Medicine.
650 2 4 _aInternal Medicine.
653 0 _aLiver Diseases
700 1 _aValla, Dominique.
_eeditor.
_4edt
_4http://id.loc.gov/vocabulary/relators/edt
700 1 _aGarcia-Pagan, Juan Carlos.
_eeditor.
_4edt
_4http://id.loc.gov/vocabulary/relators/edt
700 1 _aDe Gottardi, Andrea.
_eeditor.
_4edt
_4http://id.loc.gov/vocabulary/relators/edt
700 1 _aRautou, Pierre-Emmanuel.
_eeditor.
_4edt
_4http://id.loc.gov/vocabulary/relators/edt
710 2 _aSpringerLink (Online service)
856 4 0 _uhttps://doi.org/10.1007/978-3-030-82988-9
_3Springer eBooks
_zOnline access link to the resource
942 _2NLM
_cEBK
041 _aeng